Online Catalogue and eLibrary

Getting the Message: (Record no. 1116)

MARC details
000 -LEADER
fixed length control field 00490nam a2200193Ia 4500
005 - DATE AND TIME OF LATEST TRANSACTION
control field 20250319063011.0
008 - FIXED-LENGTH DATA ELEMENTS--GENERAL INFORMATION
fixed length control field 240331s9999 xx 000 0 und d
020 ## - INTERNATIONAL STANDARD BOOK NUMBER
ISBN 0415079845
082 ## - DDC Classification
Class No. 302.23
Item Number - Author Mark GET
DDC Edition Number 2028
245 #0 - TITLE STATEMENT
Title Getting the Message:
Remainder of title News, Truth and Power
260 ## - PUBLICATION, DISTRIBUTION, ETC.
Place of publication, distribution, etc. London;
-- New York,
Name of publisher, distributor, etc. Routledge
Date of publication, distribution, etc. 1993
300 ## - PHYSICAL DESCRIPTION
Extent (e.g. Volumes, Pages etc.) x, 358 p.,
650 ## - SUBJECT ADDED ENTRY--TOPICAL TERM
Topical term or geographic name entry element Media
650 ## - SUBJECT ADDED ENTRY--TOPICAL TERM
Topical term or geographic name entry element Communication
650 ## - SUBJECT ADDED ENTRY--TOPICAL TERM
Topical term or geographic name entry element HIV/AIDS
650 ## - SUBJECT ADDED ENTRY--TOPICAL TERM
Topical term or geographic name entry element Journalism
700 ## - ADDED ENTRY--PERSONAL NAME
Personal name Eldridge, J
Relator term (Role) Editor
942 ## - Koha item type (Biblio)
Koha item type Books in Stacks (Lending)
Holdings
Lost status Damaged status Collection code Home library Current library Shelving location Date acquired Full call number Accession Number Item type
    Lending WERC Library WERC Library Social Science Cupboard 03/31/2024 302.23 GET 2028 Books in Stacks (Lending)

© WERC Library